000
00304nam a22001217a 4500
008
160429b xxu||||| |||| 00| 0 eng d
020
_a
9780131138698
020
_a
0131138693
041
_a
eng
080
_a
618.2
245
_a
Leadership and management in nursing:
_c
Anita W. Finkelman;
942
_2
udc
_c
BK
999
_c
1676
_d
1676